Canadiens de Montréal : Les 25 meilleurs pointeurs - Statistiques

Statistiques générales
  • Ce quiz a été pris 183 fois
  • Le résultat moyen est 11 sur 25
Statistiques - réponses
Hint Réponse % Correct
1942-1960 (966 pts) Maurice « Rocket » Richard
99%
1971-1985 (1246 pts) Guy Lafleur
96%
1955-1975 (1046 pts) Henri Richard
92%
1950-1971 (1219 pts) Jean Beliveau
88%
1995-2009 (641 pts) Saku Koivu
68%
1972-1989 (883 pts) Larry Robinson
52%
2000-2017 (572 pts) Andrei Markov
51%
1992-1999 (498 pts) Vincent Damphousse
51%
1980-1994 (547 pts) Guy Carbonneau
49%
2003-2019 (606 pts) Tomas Plekanec
47%
1950-1964 (759 pts) Bernard « Boom-Boom» Geoffrion
46%
1963-1979 (863 pts) Yvan Cournoyer
46%
1968-1982 (572 pts) Guy Lapointe
40%
1973- 1989 (501 pts) Bob Gainey
34%
1972-1985 (776 pts) Steve Shutt
34%
1974-1986 (584 pts) Mario Tremblay
32%
1940-1954 (623 pts) Elmer Lach
29%
1967-1979 (835 pts) Jacques Lemaire
27%
1982-1990 (612 pts) Mats Naslund
24%
1951-1963 (594 pts) Dickie Moore
21%
1935-1948 (527 pts) Hector « Toe » Blake
21%
1969-1978 (569 pts) Pete Mahovlich
13%
1960-1970 (522 pts) Bobby Rousseau
7%
1955-1970 (589 pts) Claude Provost
5%
1956-1971 (502 pts) Ralph Backstrom
4%
Aucun quiz correspondant
Distribution des résultats
% des personnes avec chaque résultat
Percentile par nombre de réponses
Votre historique - résultats
Vous n’avez pas pris ce quiz